000 003490000a22001450004500
003 MACL
040 _aMACL
090 _c45099
_d45097
100 _aSingh, Naunihal
245 _aHunger Epidemic In America
260 _aDelhi
_bZenith Books International
_c2008
690 _aSocial Problem
942 _cBOOK
_k291.178326
951 _o291.178326 BOOK
999 _c44637
_d44637